000 00540nam a2200229Ia 4500
999 _c13238
_d13238
003 0100
005 20190718103821.0
008 130303s9999 xx 000 0 und d
020 _a521337216
040 _cARRUPELIB
050 _aHM24.H391986
100 _aHawthorn, Geoffrey
_947257
245 _aEnlightenment and Despair
245 _bA history of social theory
260 _aCambridge
_bCambridge University press
_c1987
300 _a309p.
300 _b23cm
650 _bSociology Sociology
_xUnited States
_947258
700 _aby Geoffrey Hawthorn
_947259
942 0 0 _01
_2lcc
_cMONOGRAPH